000 00640nam a2200193 a 4500
001 000017589
005 20200929165148.0
008 100329s1986 dr a 000 0 spa d
040 _aDO-SdBNP
_bspa
_cBNPHU
082 _a925
_bB615m
245 0 0 _aBiografía del Dr. Manuel Tejada Florentino :
_babanderado del decoro y la dignidad nacional .
260 _aSanto Domingo :
_bTaina,
_c1986.
300 _a22 p. :
_bil. ;
_c20 cm.
500 _aIncluye nota lal pie de página
504 _aIncluye bibliografías [p. 20]
600 1 4 _aTEJADA FLORENTINO, MANUEL,
_d1907-1960
_938360
650 4 _aMédicos dominicanos
_918220
049 _aBNPD
999 _c17114
_d17114